000
00256nam a2200097Ia 4500
001
709308
005
20250826162544.0
008
250824s9999 xx 000 0 und d
245
0
_a
PUDİNG POLİ AYDINLATIYOR
_c
CHRISTINE NÖSTLINGER
260
_b
TUDEM YAYINLARI
999
_c
709308
_d
709308